000 00653npm a2200205 i 4500
001 5270
003 ES-MaACL
005 20230908152436.0
007 hzrazu bucu
008 900426r19901906xxu b 00010 eng d
080 _a726.6(46)
100 1 _aRudy, Charles.
_9100501
245 1 4 _aThe Cathedrals of Northern Spain...
_b: [Microforma] /
_cby Charles Rudy.
260 _aMadrid :
_bAteneo Cientifico, Literario y Artistico,
_c1990.
300 _a2 microfichas :
_bnegativo.
500 _aPublicado originalmente: Boston, L. C. Company,1906.
852 _aES-MaACL
_jMCF-55
_95387
_cDEPO1
942 _2udc
_cMICROFORMA
999 _c5270
_d5270